Sharks / (Record no. 1507)

MARC details
000 -LEADER
fixed length control field 01142nam a22003137a 4500
005 - DATE AND TIME OF LATEST TRANSACTION
control field 20230831085011.0
020 ## - INTERNATIONAL STANDARD BOOK NUMBER
International Standard Book Number 9781842368831
020 ## - INTERNATIONAL STANDARD BOOK NUMBER
International Standard Book Number 0761304711 (pbk.)
040 ## - CATALOGING SOURCE
Original cataloging agency DLC
Transcribing agency DLC
Modifying agency DLC
-- FISKH
Language of cataloging eng
050 00 - LIBRARY OF CONGRESS CALL NUMBER
Classification number QL620
Item number .P38 1996
082 00 - DEWEY DECIMAL CLASSIFICATION NUMBER
Classification number 597/.31
Edition number 20
100 1# - MAIN ENTRY--PERSONAL NAME
Personal name Parker, Steve,
Dates associated with a name 1952-
245 10 - TITLE STATEMENT
Title Sharks /
Statement of responsibility, etc. Steve Parker ; Cosultant Trevor Day
260 ## - PUBLICATION, DISTRIBUTION, ETC.
Place of publication, distribution, etc. San Diego :
Name of publisher, distributor, etc. Silver Dolphin Books,
Date of publication, distribution, etc. 2005
300 ## - PHYSICAL DESCRIPTION
Extent 46 pages :
Other physical details color illustrations ;
Dimensions 30 cm
490 1# - SERIES STATEMENT
Series statement 100 facts
500 ## - GENERAL NOTE
General note Includes index.
505 ## - FORMATTED CONTENTS NOTE
Formatted contents note H
520 ## - SUMMARY, ETC.
Summary, etc. Collects one hundred facts about sharks, describing the different types of sharks, their diet, physical characteristics, behaviors and abilities, and other related topics. Includes illustrations, cartoons, quizzes, and activities.
521 ## - TARGET AUDIENCE NOTE
Target audience note 510 <br/>
Source Lexile estimate
521 ## - TARGET AUDIENCE NOTE
Target audience note H <br/>
Source Raz-Plus
650 #0 - SUBJECT ADDED ENTRY--TOPICAL TERM
Topical term or geographic name entry element Marine fishes
General subdivision Miscellanea
Form subdivision Juvenile literature.
650 #1 - SUBJECT ADDED ENTRY--TOPICAL TERM
Topical term or geographic name entry element Fishes
Form subdivision Miscellanea.
650 #1 - SUBJECT ADDED ENTRY--TOPICAL TERM
Topical term or geographic name entry element Questions and answers.
700 1# - ADDED ENTRY--PERSONAL NAME
Personal name Kenyon, Tony,
Relator term illustrator
906 ## - LOCAL DATA ELEMENT F, LDF (RLIN)
a 7
b cbc
c orignew
d 1
e ocip
f 19
g y-gencatlg
942 ## - ADDED ENTRY ELEMENTS (KOHA)
Source of classification or shelving scheme Dewey Decimal Classification
Koha item type Books
Suppress in OPAC No
999 ## -
-- 1507
-- 1507
Holdings
Withdrawn status Lost status Source of classification or shelving scheme Damaged status Not for loan Collection Home library Current library Shelving location Date acquired Total Checkouts Full call number Barcode Date last seen Date last checked out Price effective from Koha item type
    Dewey Decimal Classification     Non-Fiction Footprints International School Library Network Toul Kork Campus Footprints International School Library Network Toul Kork Campus TK Primary Library Room(4th Floor), Bookcase 3&4, Shelves 17-32, Yellow Books 08/31/2023 2 PAR 597.3 QL638.9 2023-0421 10/19/2023 10/05/2023 08/31/2023 Books